000 00239nam a22000977a 4500
100 _aGarg,Mahipal
_980062
245 _aDictionary of Confusing Words
260 _aDelhi
_bStar Publisher House
_c2019
650 _aDictonary
_976468
942 _cBK
999 _c63554
_d63554